| 000 | 03226cam a2200445 i 4500 | ||
|---|---|---|---|
| 001 | 22406491 | ||
| 003 | NUST | ||
| 005 | 20240308100548.0 | ||
| 006 | m |o d | | ||
| 007 | cr_||||||||||| | ||
| 008 | 211205s2022 enk o 001 0 eng | ||
| 010 | _a 2021053250 | ||
| 020 | _a9781032019000 | ||
| 038 | _aMalang Jan | ||
| 040 |
_aDLC _beng _cDLC _erda _dDLC |
||
| 042 | _apcc | ||
| 050 | 0 | 0 | _aTA643 |
| 082 | 0 | 0 |
_a624.17 _223/eng/20220201 _bSAL |
| 100 | 1 |
_aSaliklis, Edmond, _eauthor. _9122030 |
|
| 245 | 1 | 0 |
_aArchitectural structures : _bvisualizing load flow geometrically / _cEdmond Saliklis. |
| 264 | 1 |
_aAbingdon, Oxon ; _aNew York, NY : _bRoutledge, _c2022. |
|
| 300 |
_a204p.: _bill; |
||
| 336 |
_atext _btxt _2rdacontent |
||
| 337 |
_acomputer _bc _2rdamedia |
||
| 338 |
_aonline resource _bcr _2rdacarrier |
||
| 500 | _aIncludes index. | ||
| 505 | 0 | _aDeterminate beams -- GeoGebra for beams -- Trusses -- GeoGebra for trusses -- Horizontal grids -- Arches -- GeoGebra for arches -- Indeterminate structures -- Special topics. | |
| 520 |
_a"Architectural Structures presents an alternative approach to understanding structural engineering load flow using a visually engaging and three-dimensional format. This book presents a groundbreaking new way of establishing equilibrium in architectural structures using the Modern Müller-Breslau method. While firmly grounded in mechanics principles, this method does not use traditional algebraic statics, nor does it use classical graphic statics. Rather, it solely uses new geometric tools. Both statically determinate and statically indeterminate structures are analyzed using this graphic method to provide a geometric understanding of how load flows through architectural structures. This book includes approachable coverage of parametric modeling of two-dimensional and three-dimensional structures, as well as more advanced topics such as indeterminate structural analysis and plastic analysis. Hundreds of detailed drawings created by the author are included throughout to aid understanding. Architecture and structural engineering students can employ this novel method by hand sketching, or by programming in parametric design software. A detailed, yet approachable guide, Architectural Structures is ideal for students of architecture, construction management, and structural engineering, at all levels. Practitioners will find the method extremely useful for quickly solving load tracing problems in three-dimensional grids"-- _cProvided by publisher. |
||
| 588 | _aDescription based on print version record and CIP data provided by publisher. | ||
| 630 | 0 | 0 |
_aGeoGebra. _9122031 |
| 650 | 0 |
_aStructural frames _xMathematical models. _9122032 |
|
| 650 | 0 |
_aStructural analysis (Engineering) _xMathematics. _9111855 |
|
| 650 | 0 |
_aStructural analysis (Engineering) _xData processing. |
|
| 650 | 0 |
_aLoads (Mechanics) _9122033 |
|
| 650 | 0 |
_aPerturbation (Mathematics) _9114198 |
|
| 776 | 0 | 8 |
_iPrint version: _aSaliklis, Edmond. _tArchitectural structures _dAbingdon, Oxon ; New York, NY : Routledge, 2022 _z9781032018997 _w(DLC) 2021053249 |
| 906 |
_a7 _bcbc _corignew _d1 _eecip _f20 _gy-gencatlg |
||
| 942 |
_2ddc _cBK |
||
| 999 |
_c608627 _d608627 |
||